01918cam a22003738i 450000100090000000300050000900500170001400800410003101000170007202000300008903500130011904000290013204200080016105000210016908200340019010000330022424501200025725000190037726300090039626400590040530000460046433600260051033700280053633800270056450400510059150504340064265000360107665000410111277601610115390600450131494200440135995201240140399900170152722373678CSPC20250807091958.0220106s2022 nju b 001 0 eng  a 2021062814 a9781119849841q(hardback) a22373678 aDLCbengerdacDLCdCSPC apcc00aTA355b.P36 202200a620.3bP351v223/eng/202205251 aPeiffer, Alexander,eauthor.10aVibroacoustic simulation :ban introduction to statistical energy analysis and hybrid methods /cAlexander Peiffer. aFirst edition. a2207 1aHoboken, New Jersey :bJohn Wiley & Sons, Inc.,c2022. axxi, 450 pages :billustrations ;c26 cm. atextbtxt2rdacontent aunmediatedbn2rdamedia avolumebnc2rdacarrier aIncludes bibliographical references and index.0 aLinear systems, random process and signals -- Waves in fluids -- Wave propagation in structures -- Fluid systems -- Structure systems -- Random description of systems -- Coupled systems -- Coupling loss factors -- Deterministic applications -- Application of random systems -- Hybrid systems -- Industrial cases -- Conclusions and outlook -- Appendix A: Basic mathematics -- Appendix B: Specific solutions -- Appendix C: Symbols. 0aVibrationxMathematical models. 0aAcoustical engineeringxMathematics.08iOnline version:aPeiffer, Alexander.tVibroacoustic simulationbFirst edition.dHoboken, NJ : John Wiley & Sons, Inc., 2022z9781119849858w(DLC) 2021062815 a7bcbccorignewd1eecipf20gy-gencatlg 2ddccBKe23h620.3iP351vkENGm2022n0 00102ddc4070aCSPCbCSPCcENGd2025-08-07l0oENG 620.3 P351v 2022p029893r2025-08-07 09:23:15t1-1w2025-08-07yBK c29913d29913